Cestovný ruch na Slovensku v rokoch 1945 - 1948
Druhá svetová vojna a jej vplyv na cestovný ruch na Slovensku. Oživenie cestovného ruchu po skončení vojny. Organizácia cestovného ruchu prostredníctvom miestnych zborov - Slovakotourov. Činnosť Riaditeľstva pre cestovný ruch pri Povereníctve priemyslu a obchodu. Hospodársky význam cestovného ruchu.
Salvato in:
| Autore principale: | |
|---|---|
| Natura: | Capitolo di libro |
| Lingua: | slovacco |
| Soggetti: | |
| Tags: |
Nessun Tag, puoi essere il primo ad aggiungerne!!
|
MARC
| LEADER | 00000naa$a2200000$$$4500 | ||
|---|---|---|---|
| 001 | 0034985 | ||
| 005 | 20231016072224.3 | ||
| 041 | 0 | |a slo | |
| 044 | |a SK | ||
| 245 | 1 | 0 | |a Cestovný ruch na Slovensku v rokoch 1945 - 1948 |c Jana Piteková |
| 520 | |a Druhá svetová vojna a jej vplyv na cestovný ruch na Slovensku. Oživenie cestovného ruchu po skončení vojny. Organizácia cestovného ruchu prostredníctvom miestnych zborov - Slovakotourov. Činnosť Riaditeľstva pre cestovný ruch pri Povereníctve priemyslu a obchodu. Hospodársky význam cestovného ruchu. | ||
| 610 | 2 | 0 | |a ruch cestovný domáci |
| 610 | 2 | 0 | |a ruch cestovný kúpeľný |
| 610 | 2 | 0 | |a strediská ruchu cestovného |
| 610 | 2 | 0 | |a zariadenia rekreačné |
| 610 | 2 | 0 | |a kúpele |
| 610 | 2 | 0 | |a regióny |
| 610 | 2 | 0 | |a rozvoj regionálny |
| 610 | 2 | 0 | |a štát |
| 610 | 2 | 0 | |a financie |
| 610 | 2 | 0 | |a rekonštrukcia |
| 610 | 2 | 0 | |a história |
| 610 | 2 | 0 | |a Slovensko |
| 100 | 1 | |a Piteková, Jana | |